=LDR 00000nam 2200000 4500 =001 INLIS000000000042720 =005 20131008015527 =008 ***********************************ind** =035 ##$$0010-101300000000642 =041 ##$$a ind =082 ##$$a 616.132 =090 ##$$a 616.132, Her d =100 ##$$a Hery Suryoko =245 ##$$a 20 tanaman obat terpopuler penurun hipertensi, Hery soeryoko; Editor, Benedicta rini w =260 ##$$a 2010 $b Yogyakarta =300 ##$$a X,130 hlm, Ilus, 19 cm =650 ##$$a HIPERTENSI =700 ##$$a Benedicta Rini W =850 ##$$a NBPNMAT =990 ##$$a 90230/BPAP-NTB/2014 =990 ##$$a 21196131/BPAP-NTB/2014 =990 ##$$a 21196132/BPAP-NTB/2014 =990 ##$$a 0001/BPAP-NTB/2016 =990 ##$$a 0001/BPAP-NTB/2016